Sostenibilidad y desarrollo sostenible : un enfoque sistémico

Los conceptos de sostenibilidad y desarrollo sostenible se examinan desde una perspectiva sistémica. En su sentido más general, la sostenibilidad de un sistema puede representarse mediante una función no decreciente de valuación de las salidas o productos del sistema analizado que son de interés.

Bibliographic Details
Main Author: Gallopín, Gilberto
Format: Libro
Language:Spanish
Published: Santiago, Chile : CEPAL, 2003.
Online Access:Acceso electrónico al documento

MARC

LEADER 00000nam a22000007a 4500
008 251022s2003 cl |||| o|||| 00| 0 spa d
040 |a UAHC  |c UAHC 
100 |a Gallopín, Gilberto  |9 22411 
245 |a Sostenibilidad y desarrollo sostenible :  |b un enfoque sistémico  |c Gilberto Gallopín. 
260 |a Santiago, Chile :   |b CEPAL,  |c 2003. 
300 |a 47 páginas 
500 |a Sitio visitado https://repositorio.cepal.org/handle/11362/5763 el 22 de octubre de 2025. 
520 |a Los conceptos de sostenibilidad y desarrollo sostenible se examinan desde una perspectiva sistémica. En su sentido más general, la sostenibilidad de un sistema puede representarse mediante una función no decreciente de valuación de las salidas o productos del sistema analizado que son de interés. 
856 |y Acceso electrónico al documento  |u https://repositorio.cepal.org/handle/11362/5763 
900 |a Recurso electrónico 
942 |c BK  |2 ddc 
952 |0 0  |1 0  |2 ddc  |4 0  |6 RECURSO_ELECTRÓNICO  |7 0  |8 COMP  |9 101413  |a BR  |b BR  |c Digital  |d 2025-10-22  |l 0  |o Recurso electrónico  |r 2025-10-22 19:26:08  |w 2025-10-22  |y BK  |B GEO 
999 |c 63118  |d 63118